Sports Quiz

Random Sports or Decade Quiz
Score 0/10 Timer 04:00
11 Plays Today
Hint Answer % Correct
2003LeBron James
98.9%
2002Yao Ming
97%
2009Blake Griffin
95.9%
2008Derrick Rose
95.8%
2004Dwight Howard
94.2%
2007Greg Oden
82.4%
2005Andrew Bogut
72.5%
2001Kwame Brown
62.6%
2000Kenyon Martin
54.5%
2006Andrea Bargnani
48.1%
Remove Ads.
Support Sporcle.
Get the best of Sporcle when you Go Orange. This ad-free experience offers more features, more stats, and more fun while also helping to support Sporcle. Thank you for becoming a member.

You're not logged in!

Compare scores with friends on all Sporcle quizzes.
OR
Log In

Show Comments

Extras

Top Quizzes Today


Score Distribution

Your Account Isn't Verified!

In order to create a playlist on Sporcle, you need to verify the email address you used during registration. Go to your Sporcle Settings to finish the process.

Report this User

Report this user for behavior that violates our Community Guidelines.

Details: